| 000 | 00573cam a2200229ua 4500 | ||
|---|---|---|---|
| 001 | 270 | ||
| 008 | 111219n ii |||gr||||Z||||||asm | ||
| 020 | _a81-7339-352-4 | ||
| 040 | _cMAIN | ||
| 082 | _a306.36 | ||
| 245 | 1 | 1 |
_aOudyugik samajtatta. _cBy Gyasuddin Ahmed. |
| 250 | _a1st. | ||
| 260 |
_aDibrugarh.: _bBanalata., _c2004. |
||
| 300 | _a119 p.:4 cm. | ||
| 653 | _aSociology. | ||
| 653 | _aOudyogik samajtatta. | ||
| 653 | _aIndustrial sociology | ||
| 700 | _aAhmed, Gyasuddin., | ||
| 700 | _aBorgohain, Himanta., | ||
| 700 | _aChutia, Lakhimi., | ||
| 942 | _cBK | ||
| 999 |
_c229 _d229 |
||